000 00569nam a2200193 u 4500
005 20230518063840.0
008 140310s2010 r 000 0 eng d
020 _a9789875001435
035 _aUPN01000196240
049 _aCG
050 4 _aLB1051
_bA6.7
245 0 0 _aAprendizaje y contexto :
_bcontribuciones para un debate /
_ccomp. Nora Emilce Elichiry.
260 _aBuenos Aires :
_bManantial,
_c2010.
300 _a108 p.
650 4 _aPsicologĂ­a educativa
_95197
700 1 _aEmilce Elichiry, Nora,
_ecomp.
_937693
905 _aLibro
999 _c168341
_d168341